000 00291nam a2200121Ia 4500
008 190216s9999||||xx |||||||||||||| ||und||
100 _aKulkarni M R
245 0 _aIndustrial Development
260 _bNational Book Trust India
_c1971
300 _a452 p
650 _aEconomics
942 _cBK
999 _c10604
_d10604